[Event "Dortmund Sparkassen op"]
[Site "Dortmund"]
[Date "2008.07.04"]
[Round "7"]
[White "Heinzel, Peter"]
[Black "Naiditsch, Evgenija"]
[Result "1/2-1/2"]
[WhiteElo "1985"]
[BlackElo "2119"]
[PlyCount "68"]
[EventDate "2008.06.30"]
[EventType "swiss"]
[EventRounds "9"]
[EventCountry "GER"]
[SourceTitle "CBM 125 Extra"]
[Source "ChessBase"]
[SourceDate "2008.09.01"]
[SourceVersion "1"]
[SourceVersionDate "2008.09.01"]
[SourceQuality "1"]

1. Nf3 d5 2. d4 c6 3. c3 Bf5 4. Bf4 Qb6 5. Qb3 Nd7 6. Nbd2 h6 7. h3 Ngf6 8. e3 e6 9. Be2 Be7 10. 0-0 0-0 11. Rfe1 c5 12. Qxb6 axb6 13. Ne5 Nxe5 14. Bxe5 Rfc8 15. a3 Ne4 16. Rad1 Nd6 17. Bxd6 Bxd6 18. Nf1 Ra5 19. Bd3 Bxd3 20. Rxd3 Rb5 21. Re2 Ra5 22. g3 Be7 23. Kg2 f6 24. e4 dxe4 25. Rxe4 Kf7 26. dxc5 bxc5 27. Rd7 Rb5 28. Re2 e5 29. Ne3 Ke6 30. Red2 Rc6 31. Nc4 Ra6 32. R7d3 Rb3 33. Rc2 g6 34. f3 h5 1/2-1/2

[Event "Ruhrgebiet Regionalliga 0708"]
[Site "Germany"]
[Date "2007.12.16"]
[Round "4.6"]
[White "Tkachuk, Konstantyn"]
[Black "Naiditsch, Evgenija"]
[Result "0-1"]
[WhiteElo "2141"]
[BlackElo "2129"]
[PlyCount "56"]
[EventDate "2007.09.16"]
[EventType "team"]
[EventRounds "9"]
[EventCountry "GER"]
[SourceTitle "EXT 2009"]
[Source "ChessBase"]
[SourceDate "2008.11.26"]
[SourceVersion "1"]
[SourceVersionDate "2008.11.26"]
[SourceQuality "1"]
[WhiteTeam "Bochum 31 II"]
[BlackTeam "Brackel"]
[WhiteTeamCountry "GER"]
[BlackTeamCountry "GER"]

1. e4 c5 2. Nf3 e6 3. d4 cxd4 4. Nxd4 Nf6 5. Nc3 d6 6. Bc4 a6 7. Bb3 b5 8. f3 Bb7 9. Be3 Nbd7 10. g4 Nc5 11. g5 Nfd7 12. Qe2 Be7 13. h4 b4 14. Na4 Qa5 15. Nxc5 dxc5 16. Bxe6 cxd4 17. Bxd7+ Kxd7 18. Bxd4 Rhg8 19. 0-0-0 Qxa2 20. b3 Ke8 21. Bb2 Qa5 22. Rd2 Rd8 23. Rhd1 Rxd2 24. Qxd2 Qc7 25. Bd4 f6 26. Bg1 Kf7 27. Bh2 Qa5 28. Kb1 Rd8 0-1

[Event "Dortmund op-A"]
[Site "Dortmund"]
[Date "2007.06.22"]
[Round "1"]
[White "Stratmann, Holger"]
[Black "Naiditsch, Evgenija"]
[Result "0-1"]
[WhiteElo "1955"]
[BlackElo "2131"]
[PlyCount "98"]
[EventDate "2007.06.22"]
[EventType "swiss"]
[EventRounds "9"]
[EventCountry "GER"]
[SourceTitle "EXT 2008"]
[Source "ChessBase"]
[SourceDate "2007.11.25"]
[SourceVersion "1"]
[SourceVersionDate "2007.11.25"]
[SourceQuality "1"]

1. e4 c5 2. Nf3 e6 3. d4 cxd4 4. Nxd4 Nf6 5. Nc3 d6 6. Be2 a6 7. a4 Be7 8. 0-0 Qc7 9. Be3 Nc6 10. Nb3 b6 11. f4 Bb7 12. Bf3 0-0 13. g4 Na5 14. Nxa5 bxa5 15. g5 Nd7 16. Qe2 Nb6 17. Rad1 Rab8 18. Bg2 Nc4 19. Bc1 Nxb2 20. Bxb2 Qb6+ 21. Kh1 Qxb2 22. Rd3 Qb6 23. Qh5 g6 24. Qh6 f5 25. gxf6 Bxf6 26. f5 exf5 27. exf5 Bg7 28. Qg5 Bxg2+ 29. Kxg2 Qc6+ 30. Nd5 Qxc2+ 31. Rd2 Qe4+ 32. Rf3 Rb3 33. Qf4 Qxf3+ 34. Qxf3 Rxf3 35. Kxf3 Rxf5+ 36. Kg2 Kf7 37. Rf2 Ke6 38. Nc7+ Kd7 39. Rxf5 gxf5 40. Nd5 Ke6 41. Nc7+ Ke5 42. Kf3 Bh6 43. Nxa6 Kd4 44. Nb8 Kc5 45. Nd7+ Kb4 46. Nb6 Bc1 47. h3 f4 48. h4 Be3 49. Nd5+ Kxa4 0-1

[Event "Dortmund Sparkassen op-A"]
[Site "Dortmund"]
[Date "2006.08.01"]
[Round "4"]
[White "Rosenauer, Horst"]
[Black "Naiditsch, Evgenija"]
[Result "0-1"]
[WhiteElo "1846"]
[BlackElo "2139"]
[PlyCount "70"]
[EventDate "2006.07.28"]
[EventType "swiss"]
[EventRounds "9"]
[EventCountry "GER"]
[SourceTitle "CBM 113 Extra"]
[Source "ChessBase"]
[SourceDate "2006.09.14"]
[SourceVersion "1"]
[SourceVersionDate "2006.09.14"]
[SourceQuality "1"]

1. e4 c5 2. Nf3 e6 3. d4 cxd4 4. Nxd4 Nf6 5. Nc3 d6 6. Bc4 a6 7. Bb3 Be7 8. Qf3 Qc7 9. Be3 b5 10. a3 Bb7 11. Bxe6 fxe6 12. Nxe6 Qc4 13. Nxg7+ Kf7 14. Nh5 Bxe4 15. Nxe4 Qxe4 16. Qxe4 Nxe4 17. 0-0-0 Nd7 18. Rhe1 Nef6 19. Nf4 Rhc8 20. Bd4 Rc6 21. Kb1 Bf8 22. Rd3 Bh6 23. Ne2 Re8 24. g3 Ne5 25. Bxe5 Rxe5 26. f4 Re4 27. Rdd1 d5 28. Nc3 Rxe1 29. Rxe1 d4 30. Nd1 Re6 31. Rh1 Re2 32. b3 Ng4 33. h3 Ne3 34. Nb2 Rxc2 35. Nd3 Bg7 0-1

[Event "NRW Class1 0506"]
[Site "Germany"]
[Date "2006.04.02"]
[Round "8.5"]
[White "Naiditsch, Evgenija"]
[Black "Konijn, Bart"]
[Result "1/2-1/2"]
[WhiteElo "2107"]
[BlackElo "2268"]
[PlyCount "98"]
[EventDate "2005.09.25"]
[EventType "team"]
[EventRounds "9"]
[EventCountry "GER"]
[SourceTitle "EXT 2006"]
[Source "ChessBase"]
[SourceDate "2005.11.24"]
[SourceVersion "1"]
[SourceVersionDate "2005.11.24"]
[SourceQuality "1"]
[WhiteTeam "Brackel"]
[BlackTeam "Gesch"]
[WhiteTeamCountry "GER"]
[BlackTeamCountry "GER"]

1. e4 e5 2. Nf3 Nc6 3. c3 Nf6 4. d4 Nxe4 5. d5 Ne7 6. Nxe5 Ng6 7. Qd4 Qf6 8. Qxe4 Qxe5 9. Qxe5+ Nxe5 10. Na3 a6 11. Bf4 Bd6 12. Bxe5 Bxe5 13. Nc4 Bf6 14. d6 b5 15. Ne3 cxd6 16. Nd5 Bd8 17. Be2 Bb7 18. Rd1 0-0 19. 0-0 Re8 20. Bg4 Bc6 21. Nb4 Bc7 22. Nxc6 dxc6 23. Bd7 Re2 24. Bxc6 Rd8 25. Rb1 Bb6 26. Bb7 Rd2 27. a3 a5 28. Bc6 b4 29. axb4 axb4 30. cxb4 d5 31. Rbd1 Bxf2+ 32. Kh1 Rxd1 33. Rxd1 d4 34. Rd3 Kf8 35. g4 Ke7 36. Kg2 Be3 37. b5 Kd6 38. b4 g6 39. Kf3 f5 40. gxf5 gxf5 41. Ra3 Bc1 42. Ra8 Bg5 43. Ke2 Rxa8 44. Bxa8 Ke5 45. Bg2 Bd8 46. Kf3 Bb6 47. Bf1 Bd8 48. Bd3 Be7 49. Bc2 Bxb4 1/2-1/2

[Event "NRW Class1 0506"]
[Site "Germany"]
[Date "2006.02.12"]
[Round "6.5"]
[White "Heimsoth, Sven Holger"]
[Black "Naiditsch, Evgenija"]
[Result "0-1"]
[WhiteElo "2220"]
[BlackElo "2107"]
[PlyCount "40"]
[EventDate "2005.09.25"]
[EventType "team"]
[EventRounds "9"]
[EventCountry "GER"]
[SourceTitle "EXT 2006"]
[Source "ChessBase"]
[SourceDate "2005.11.24"]
[SourceVersion "1"]
[SourceVersionDate "2005.11.24"]
[SourceQuality "1"]
[WhiteTeam "Muelheim Nord II"]
[BlackTeam "Brackel"]
[WhiteTeamCountry "GER"]
[BlackTeamCountry "GER"]

1. Nf3 d5 2. g3 Nf6 3. Bg2 c6 4. 0-0 g6 5. b3 Bg7 6. Bb2 0-0 7. d3 Nbd7 8. Nbd2 Re8 9. e4 dxe4 10. dxe4 Nxe4 11. Bxg7 Nxd2 12. Bb2 Nxf1 13. Qd4 Nf6 14. Qh4 Nd2 15. Ng5 h5 16. Rd1 Bg4 17. f3 Qb6+ 18. Kh1 Rad8 19. fxg4 Nde4 20. Rf1 Nf2+ 0-1

[Event "BL 0405 (Women)"]
[Site "Germany"]
[Date "2005.04.23"]
[Round "10.3"]
[White "Kiefhaber, Veronika"]
[Black "Naiditsch, Evgenija"]
[Result "1/2-1/2"]
[WhiteElo "2251"]
[BlackElo "2118"]
[PlyCount "89"]
[EventDate "2004.11.06"]
[EventType "team-tourn"]
[EventRounds "11"]
[EventCountry "GER"]
[SourceTitle "EXT 2006"]
[Source "ChessBase"]
[SourceDate "2005.11.24"]
[SourceVersion "1"]
[SourceVersionDate "2005.11.24"]
[SourceQuality "1"]
[WhiteTeam "Karlsruhe (W)"]
[BlackTeam "Holsterhausen (W)"]
[WhiteTeamCountry "GER"]
[BlackTeamCountry "GER"]

1. e4 c5 2. c3 e6 3. d4 d5 4. exd5 exd5 5. Be3 c4 6. b3 cxb3 7. axb3 Bd6 8. Bd3 Ne7 9. Qf3 Be6 10. Ne2 Qd7 11. h3 Bf5 12. Bf4 Bxd3 13. Qxd3 0-0 14. 0-0 Nbc6 15. Nd2 Ng6 16. Bxd6 Qxd6 17. Nf3 Rfe8 18. Rfe1 a6 19. Ng3 Rac8 20. Re3 Rxe3 21. Qxe3 Qf4 22. c4 Qxe3 23. fxe3 dxc4 24. bxc4 Nb4 25. c5 Ne7 26. Rb1 a5 27. Ne5 Nec6 28. Nc4 Ra8 29. Nb6 Ra6 30. d5 Nd8 31. e4 f6 32. Nf5 g6 33. Nd4 Kf7 34. Nc4 Ke7 35. d6+ Kd7 36. Nb6+ Rxb6 37. cxb6 Kxd6 38. Nb3 a4 39. Rd1+ Kc6 40. Nd4+ Kxb6 41. Ra1 Ka5 42. Nb3+ Kb5 43. Nd4+ Ka5 44. Nb3+ Kb5 45. Nd4+ 1/2-1/2

[Event "NRW Class1 0405"]
[Site "Germany"]
[Date "2005.01.09"]
[Round "5.6"]
[White "Naiditsch, Evgenija"]
[Black "Lytchak, Boris"]
[Result "1/2-1/2"]
[WhiteElo "2118"]
[BlackElo "2265"]
[PlyCount "87"]
[EventDate "2004.10.10"]
[EventType "team"]
[EventRounds "9"]
[EventCountry "GER"]
[SourceTitle "EXT 2006"]
[Source "ChessBase"]
[SourceDate "2005.11.24"]
[SourceVersion "1"]
[SourceVersionDate "2005.11.24"]
[SourceQuality "1"]
[WhiteTeam "Brackel"]
[BlackTeam "Koeln Porz III"]
[WhiteTeamCountry "GER"]
[BlackTeamCountry "GER"]

1. e4 e5 2. Nf3 Nc6 3. Bc4 Bc5 4. c3 Qe7 5. 0-0 d6 6. d4 Bb6 7. a4 a6 8. Be3 Bg4 9. d5 Na5 10. Bd3 Bxe3 11. fxe3 b6 12. h3 Bd7 13. b4 Nb7 14. Qe2 a5 15. Na3 Nf6 16. Nb5 Bc8 17. Nh4 0-0 18. Nf5 Bxf5 19. Rxf5 Nd8 20. Bc2 c6 21. Na3 axb4 22. cxb4 c5 23. bxc5 bxc5 24. Nc4 Nb7 25. a5 Ra7 26. Rff1 Rb8 27. Rfb1 Qc7 28. a6 Nd8 29. Na3 Rxb1+ 30. Rxb1 Qa5 31. Qd3 Nd7 32. Rb3 Kf8 33. Qb5 Qxb5 34. Rxb5 Rxa6 35. Nc4 Ke7 36. Kf1 Ra1+ 37. Ke2 Rc1 38. Bd3 Nf6 39. Na5 Kd7 40. Rb6 Kc7 41. Ra6 Ra1 42. Ra7+ Kb6 43. Ra6+ Kc7 44. Ra7+ 1/2-1/2

[Event "NRW Class1 0405"]
[Site "Germany"]
[Date "2004.12.12"]
[Round "4.6"]
[White "Mueller, Dieter"]
[Black "Naiditsch, Evgenija"]
[Result "1-0"]
[WhiteElo "2199"]
[BlackElo "2118"]
[PlyCount "55"]
[EventDate "2004.10.10"]
[EventType "team"]
[EventRounds "9"]
[EventCountry "GER"]
[SourceTitle "EXT 2006"]
[Source "ChessBase"]
[SourceDate "2005.11.24"]
[SourceVersion "1"]
[SourceVersionDate "2005.11.24"]
[SourceQuality "1"]
[WhiteTeam "Koeln Brueck"]
[BlackTeam "Brackel"]
[WhiteTeamCountry "GER"]
[BlackTeamCountry "GER"]

1. f4 e5 2. fxe5 d6 3. exd6 Bxd6 4. Nf3 g5 5. d4 g4 6. Ng5 f5 7. e4 h6 8. e5 hxg5 9. exd6 Qxd6 10. Bxg5 Nc6 11. c3 Be6 12. Qd2 Nge7 13. Bf4 Qd7 14. Na3 0-0-0 15. Bc4 Ng6 16. 0-0-0 Bxc4 17. Nxc4 Qd5 18. b3 Rde8 19. Rde1 Rxe1+ 20. Rxe1 Nxf4 21. Qxf4 Qxg2 22. Qxf5+ Kb8 23. Qh5 Rd8 24. Re8 Qxa2 25. Rxd8+ Nxd8 26. Qg5 Kc8 27. Qxg4+ Kb8 28. Qd7 1-0

[Event "BL 0405 (Women)"]
[Site "Germany"]
[Date "2004.12.05"]
[Round "4.4"]
[White "Nagel, Verena"]
[Black "Naiditsch, Evgenija"]
[Result "1-0"]
[WhiteElo "2100"]
[BlackElo "2118"]
[PlyCount "125"]
[EventDate "2004.11.06"]
[EventType "team-tourn"]
[EventRounds "11"]
[EventCountry "GER"]
[SourceTitle "EXT 2006"]
[Source "ChessBase"]
[SourceDate "2005.11.24"]
[SourceVersion "1"]
[SourceVersionDate "2005.11.24"]
[SourceQuality "1"]
[WhiteTeam "Grosslehna (W)"]
[BlackTeam "Holsterhausen (W)"]
[WhiteTeamCountry "GER"]
[BlackTeamCountry "GER"]

1. d4 d5 2. Nf3 Nf6 3. e3 g6 4. Bd3 Bg7 5. Nbd2 0-0 6. 0-0 b6 7. b3 Bb7 8. Bb2 Nbd7 9. Rc1 e6 10. Qe2 Ne4 11. c4 c5 12. Rfd1 Rc8 13. Ba1 Rc7 14. Rc2 Qa8 15. cxd5 exd5 16. Rdc1 Rfc8 17. Ne1 Qb8 18. Nxe4 dxe4 19. Bc4 cxd4 20. Bxd4 Bxd4 21. exd4 Nf6 22. Qe3 Nd5 23. Qg3 a6 24. Bxd5 Rxc2 25. Bxf7+ Kxf7 26. Rxc2 Qxg3 27. fxg3 Ke6 28. Rxc8 Bxc8 29. Kf2 Kd5 30. Ke3 a5 31. Nc2 Ba6 32. Na3 b5 33. Nb1 b4 34. Nd2 Bd3 35. h3 g5 36. g4 Bc2 37. Nc4 Bb1 38. Nxa5 Bxa2 39. g3 h6 40. h4 Bb1 41. Nb7 Bd3 42. Nc5 Bc2 43. Na6 Bxb3 44. Nxb4+ Kc4 45. Nc6 Kb5 46. Ne7 Be6 47. Nf5 gxh4 48. gxh4 h5 49. Kf4 hxg4 50. Ne3 Kc6 51. h5 Kd6 52. h6 Bg8 53. Kxg4 Bh7 54. Kg5 Ke6 55. d5+ Ke5 56. d6 Kxd6 57. Kf6 Kc5 58. Kg7 Kd4 59. Kxh7 Kxe3 60. Kg6 Kd2 61. h7 e3 62. h8Q e2 63. Qd4+ 1-0

[Event "BL 0405 (Women)"]
[Site "Germany"]
[Date "2004.11.06"]
[Round "1.5"]
[White "Naiditsch, Evgenija"]
[Black "Guenther, Anetta"]
[Result "0-1"]
[WhiteElo "2118"]
[BlackElo "2106"]
[PlyCount "86"]
[EventDate "2004.11.06"]
[EventType "team-tourn"]
[EventRounds "11"]
[EventCountry "GER"]
[SourceTitle "EXT 2006"]
[Source "ChessBase"]
[SourceDate "2005.11.24"]
[SourceVersion "1"]
[SourceVersionDate "2005.11.24"]
[SourceQuality "1"]
[WhiteTeam "Holsterhausen (W)"]
[BlackTeam "Rodewisch (W)"]
[WhiteTeamCountry "GER"]
[BlackTeamCountry "GER"]

1. e4 c5 2. c3 d5 3. exd5 Qxd5 4. d4 Nc6 5. Nf3 Bg4 6. Be2 cxd4 7. cxd4 e6 8. Nc3 Qa5 9. h3 Bh5 10. d5 exd5 11. 0-0 Rd8 12. Re1 Be7 13. Nd4 Bxe2 14. Rxe2 Kf8 15. Bf4 Qb4 16. Ncb5 Nxd4 17. Nxd4 Bf6 18. Bc7 Rd7 19. Rc1 Ne7 20. Nb3 g6 21. a3 Qa4 22. Qd3 b6 23. Qf3 Kg7 24. Be5 Bxe5 25. Rxe5 d4 26. Nd2 Rc8 27. Rxc8 Nxc8 28. Ne4 Qc6 29. Re8 Qc1+ 30. Kh2 f5 31. Ng5 Qxg5 32. Rxc8 d3 33. Qc6 Qe7 34. Qc3+ Kh6 35. Qd2+ Qg5 36. f4 Qe7 37. Rc3 Qe4 38. b3 Kg7 39. Qb2 Qxf4+ 40. g3 Qd4 41. Qd2 a5 42. Rc4 Qe5 43. Rc3 Qe4 0-1

[Event "NRW Class1 0405"]
[Site "Germany"]
[Date "2004.10.10"]
[Round "1.5"]
[White "Naiditsch, Evgenija"]
[Black "Schmoll, Heinz"]
[Result "1/2-1/2"]
[WhiteElo "2118"]
[BlackElo "1965"]
[PlyCount "86"]
[EventDate "2004.10.10"]
[EventType "team"]
[EventRounds "9"]
[EventCountry "GER"]
[SourceTitle "EXT 2006"]
[Source "ChessBase"]
[SourceDate "2005.11.24"]
[SourceVersion "1"]
[SourceVersionDate "2005.11.24"]
[SourceQuality "1"]
[WhiteTeam "Brackel"]
[BlackTeam "Gerresheim II"]
[WhiteTeamCountry "GER"]
[BlackTeamCountry "GER"]

1. e4 c5 2. c3 Nf6 3. e5 Nd5 4. d4 cxd4 5. Qxd4 e6 6. Nf3 Nc6 7. Qe4 f5 8. Qe2 b6 9. g3 a5 10. c4 Ba6 11. Bg2 Qc7 12. 0-0 Rc8 13. b3 Bc5 14. a4 0-0 15. Bb2 Ndb4 16. Na3 Na7 17. Rad1 h6 18. Rd2 Rf7 19. Rfd1 Bb7 20. Nd4 Bxg2 21. Kxg2 f4 22. Qe4 Rcf8 23. Nab5 Nxb5 24. Nxb5 Qc6 25. Qxc6 dxc6 26. Nd6 Rc7 27. Ne4 Na6 28. Rd7 Rxd7 29. Rxd7 fxg3 30. hxg3 Rf7 31. Rd3 Bb4 32. Rd8+ Rf8 33. Rxf8+ Kxf8 34. Bd4 Nc5 35. Nxc5 Bxc5 36. Bc3 g6 37. f4 h5 38. Kf3 Kf7 39. Be1 Ke8 40. Ke4 Kf7 41. Kf3 Kg7 42. Ke4 Kf7 43. Kf3 Kg7 1/2-1/2

[Event "BEL-chT 0304"]
[Site "Belgium"]
[Date "2003.12.14"]
[Round "1.8"]
[White "Hareux, Hubert"]
[Black "Naiditsch, Evgenija"]
[Result "1-0"]
[WhiteElo "2253"]
[BlackElo "2139"]
[PlyCount "73"]
[EventDate "2003.10.01"]
[EventType "team"]
[EventRounds "11"]
[EventCountry "BEL"]
[SourceTitle "CBM 097 Extra"]
[Source "ChessBase"]
[SourceDate "2004.01.13"]
[SourceVersion "1"]
[SourceVersionDate "2004.01.13"]
[SourceQuality "1"]
[WhiteTeam "Charleroi CREC"]
[BlackTeam "Eynatten II"]
[WhiteTeamCountry "BEL"]
[BlackTeamCountry "BEL"]

1. d4 d5 2. c4 c6 3. Nf3 Nf6 4. Nc3 e6 5. e3 Nbd7 6. Qc2 Bd6 7. b3 0-0 8. Be2 Re8 9. 0-0 Qe7 10. a4 dxc4 11. bxc4 e5 12. Qb3 e4 13. Nd2 Nf8 14. Ba3 Bxa3 15. Qxa3 Bf5 16. Qxe7 Rxe7 17. a5 Rb8 18. Rfb1 N8d7 19. c5 b6 20. axb6 axb6 21. cxb6 Rxb6 22. Ra8+ Ne8 23. Rxb6 Nxb6 24. Rb8 Nd7 25. Rd8 Ndf6 26. h3 g5 27. Nc4 Kg7 28. Ne5 Rc7 29. Na4 Rc8 30. Rxc8 Bxc8 31. Nc5 Nd6 32. Nxc6 Nd5 33. Bd1 Kf6 34. Bb3 Nc7 35. Bc2 Bf5 36. g4 Bg6 37. Ne5 1-0

[Event "NRW Class2 0304"]
[Site "Germany"]
[Date "2003.12.07"]
[Round "4.6"]
[White "Naiditsch, Evgenija"]
[Black "Grinis, Yevgen"]
[Result "0-1"]
[WhiteElo "2140"]
[BlackElo "2100"]
[PlyCount "58"]
[EventDate "2003.09.28"]
[EventType "team"]
[EventRounds "9"]
[EventCountry "GER"]
[SourceTitle "CBM 098 Extra"]
[Source "ChessBase"]
[SourceDate "2004.03.10"]
[SourceVersion "2"]
[SourceVersionDate "2004.03.10"]
[SourceQuality "1"]
[WhiteTeam "Brackel"]
[BlackTeam "Duesseldorf"]
[WhiteTeamCountry "GER"]
[BlackTeamCountry "GER"]

1. e4 c6 2. d4 d5 3. exd5 Qxd5 4. c4 Qa5+ 5. Nc3 Nf6 6. Bd3 Bf5 7. Nf3 e6 8. Bxf5 Qxf5 9. Qb3 b6 10. a4 Nbd7 11. 0-0 Bd6 12. a5 0-0 13. Bg5 Ne4 14. Nxe4 Qxe4 15. Rfe1 Qf5 16. Bh4 Rfe8 17. Bg3 Bxg3 18. hxg3 Red8 19. Qa3 b5 20. b3 a6 21. Qd6 Rac8 22. Qb4 Rb8 23. Qc3 bxc4 24. bxc4 Rb7 25. Qa3 Nf8 26. Qa4 Rc8 27. Ne5 c5 28. d5 Rb4 29. Qc2 Qxc2 0-1

[Event "Dortmund op-A"]
[Site "Dortmund"]
[Date "2003.08.04"]
[Round "4"]
[White "Schippan, Bernhard"]
[Black "Naiditsch, Evgenija"]
[Result "1/2-1/2"]
[WhiteElo "2282"]
[BlackElo "2140"]
[PlyCount "57"]
[EventDate "2003.08.01"]
[EventType "swiss"]
[EventRounds "9"]
[EventCountry "GER"]
[SourceTitle "CBM 095 Extra"]
[Source "ChessBase"]
[SourceDate "2003.09.04"]
[SourceVersion "1"]
[SourceVersionDate "2003.09.04"]
[SourceQuality "1"]

1. e4 c5 2. Nf3 d6 3. c3 Nf6 4. Be2 Nc6 5. d4 cxd4 6. cxd4 Nxe4 7. d5 Qa5+ 8. Nc3 Nb8 9. 0-0 Nxc3 10. bxc3 Nd7 11. Rb1 a6 12. c4 Nf6 13. Bb2 g6 14. Bxf6 exf6 15. Re1 Be7 16. Bf1 Qc7 17. Qe2 Bg4 18. c5 dxc5 19. d6 Qxd6 20. Rxb7 Be6 21. Qc2 Rd8 22. Be2 Rd7 23. Rxd7 Qxd7 24. Bxa6 0-0 25. Bc4 Kg7 26. Qb3 Bxc4 27. Qxc4 Rd8 28. h3 Bf8 29. a4 1/2-1/2

[Event "GER-chT U20 Girls"]
[Site "Meppen"]
[Date "2002.12.30"]
[Round "7.2"]
[White "Reiter, Anna"]
[Black "Naiditsch, Evgenija"]
[Result "1-0"]
[WhiteElo "1282"]
[BlackElo "2106"]
[PlyCount "123"]
[EventDate "2002.12.27"]
[EventType "team"]
[EventRounds "7"]
[EventCountry "GER"]
[SourceTitle "CBM 092 Extra"]
[Source "ChessBase"]
[SourceDate "2003.03.07"]
[SourceVersion "1"]
[SourceVersionDate "2003.03.07"]
[SourceQuality "1"]

1. f4 e5 2. fxe5 d6 3. Nf3 dxe5 4. e4 Bd6 5. d3 Nc6 6. Bg5 Nge7 7. Nbd2 Be6 8. c3 f6 9. Be3 Qd7 10. Nb3 0-0-0 11. Nc5 Bxc5 12. Bxc5 f5 13. Qa4 fxe4 14. dxe4 Bg4 15. Rd1 Qxd1+ 16. Qxd1 Rxd1+ 17. Kxd1 Ng6 18. Be2 Nf4 19. Rg1 Rd8+ 20. Ke1 Be6 21. b3 Nd3+ 22. Bxd3 Rxd3 23. c4 b6 24. Ke2 Rd7 25. Ba3 Bg4 26. Bb2 Nd4+ 27. Bxd4 exd4 28. Kd3 Bxf3 29. gxf3 c5 30. e5 Rf7 31. Ke4 Kd7 32. h4 Ke6 33. Rg5 g6 34. Rg4 Rf5 35. f4 Rh5 36. Kf3 Rf5 37. Ke4 Rf7 38. h5 gxh5 39. Rg5 h4 40. Rh5 d3 41. Rh6+ Ke7 42. Rxh4 d2 43. Rh1 Rg7 44. Kf3 h5 45. Rd1 h4 46. Rxd2 Rg3+ 47. Ke4 h3 48. Rh2 Kf8 49. Kf5 Ke7 50. Ke4 Kf8 51. f5 Rc3 52. Kf4 Ke7 53. Kg4 Re3 54. e6 Re4+ 55. Kg5 Re3 56. Rd2 Rg3+ 57. Kf4 Rg2 58. Rd7+ Ke8 59. Rh7 h2 60. f6 Rf2+ 61. Ke5 Re2+ 62. Kd6 1-0